Eastern Utah Libraries Catalog: Duchesne, Heber, Roosevelt, & Vernal

Killing season (Record no. 99472)

MARC details
000 -LEADER
fixed length control field 03366cgm a2200781Ia 4500
001 - CONTROL NUMBER
control field ocn851098945
003 - CONTROL NUMBER IDENTIFIER
control field OCoLC
005 - DATE AND TIME OF LATEST TRANSACTION
control field 20241220135012.0
008 - FIXED-LENGTH DATA ELEMENTS--GENERAL INFORMATION
fixed length control field 130627s2013 cau090 vleng d
007 - PHYSICAL DESCRIPTION FIXED FIELD--GENERAL INFORMATION
fixed length control field vd cvaizq
040 ## - CATALOGING SOURCE
Original cataloging agency TEFMT
Transcribing agency TEFMT
Modifying agency BDX
-- TEF
-- IMD
-- PX0
-- UINTA
020 ## - INTERNATIONAL STANDARD BOOK NUMBER
International Standard Book Number 9781616661885
020 ## - INTERNATIONAL STANDARD BOOK NUMBER
International Standard Book Number 1616661887
024 1# - OTHER STANDARD IDENTIFIER
Standard number or code 687797138798
028 42 - PUBLISHER NUMBER
Publisher number ME-13879
Source Millennium
035 ## - SYSTEM CONTROL NUMBER
System control number (OCoLC)851098945
037 ## - SOURCE OF ACQUISITION
Source of stock number/acquisition Midwest Tape
Note http://www.midwesttapes.com
041 1# - LANGUAGE CODE
Language code of text/sound track or separate title eng
-- eng
-- spa
Language code of original and/or intermediate translations of text eng
050 #4 - LIBRARY OF CONGRESS CALL NUMBER
Classification number PN1997.2
Item number .K5555 2013
082 04 - DEWEY DECIMAL CLASSIFICATION NUMBER
Classification number 791.4372
Edition number 23
049 ## - LOCAL HOLDINGS (OCLC)
Holding library UCLB
092 ## - LOCALLY ASSIGNED DEWEY CALL NUMBER (OCLC)
Classification number 791.437
245 00 - TITLE STATEMENT
Title Killing season
Medium [videorecording] /
Statement of responsibility, etc Millennium Films and Corsan present ; a Corsan and Nu Image production ; a Mark Steven Johnson film ; directed by Mark Steven Johnson ; producer, Paul Breuls, Ed Cathell III ; screenwriter, Evan Daugherty.
260 ## - PUBLICATION, DISTRIBUTION, ETC. (IMPRINT)
Place of publication, distribution, etc [Los Angeles, Calif.] :
Name of publisher, distributor, etc Millennium Entertainment,
Date of publication, distribution, etc 2013.
300 ## - PHYSICAL DESCRIPTION
Extent 1 videodisc (ca. 90 min.) :
Other physical details sound, color ;
Dimensions 4 3/4 in.
336 ## - Content Type
Content type term two-dimensional moving image
337 ## - Media type
Media type term video
338 ## - Carrier type
Carrier type term videodisc
340 ## - PHYSICAL MEDIUM
Dimensions 4 3/4 in.
344 ## -
-- digital
-- optical
-- surround
346 ## -
-- laser optical, NTSC
347 ## -
-- video file
-- DVD video
-- Region 1
-- rda
380 ## -
-- Motion picture
588 ## -
-- Title from disc surface.
538 ## - SYSTEM DETAILS NOTE
System details note DVD, region 1, widescreen (16x9; 1.78:1) presentation; 5.1 Dolby Digital.
546 ## - LANGUAGE NOTE
Language note In English; Spanish subtitles; English subtitles for the deaf and hard-of-hearing (SDH).
511 1# - PARTICIPANT OR PERFORMER NOTE
Participant or performer note John Travolta, Robert De Niro, Milo Ventimiglia, Elizabeth Olin.
508 ## - CREATION/PRODUCTION CREDITS NOTE
Creation/production credits note Music, Christopher Young ; editor, Sean Albertson ; director of photography, Petre Menziesa.
500 ## - GENERAL NOTE
General note Originally released as a motion picture in 2013.
521 8# - TARGET AUDIENCE NOTE
Target audience note MPAA Rating: R; for strong violence, some torture, and language including some sexual references.
520 ## - SUMMARY, ETC.
Summary, etc Ford, an American veteran of the Bosnian war, retreats to a cabin in the woods to escape painful memories. Kovac, a Serbian veteran of the same war, has an old score to settle and hunts Ford down in the wilderness.
500 ## - GENERAL NOTE
General note Special features: Killing Season featurette.
650 #0 - SUBJECT ADDED ENTRY--TOPICAL TERM
Topical term or geographic name as entry element Memory
Form subdivision Drama.
9 (RLIN) 5714850
650 #0 - SUBJECT ADDED ENTRY--TOPICAL TERM
Topical term or geographic name as entry element War stories, Bosnian
Form subdivision Drama.
9 (RLIN) 6517146
650 #0 - SUBJECT ADDED ENTRY--TOPICAL TERM
Topical term or geographic name as entry element Veterans
Form subdivision Drama.
9 (RLIN) 5767396
650 #0 - SUBJECT ADDED ENTRY--TOPICAL TERM
Topical term or geographic name as entry element Revenge
Form subdivision Drama.
9 (RLIN) 5697951
650 #0 - SUBJECT ADDED ENTRY--TOPICAL TERM
Topical term or geographic name as entry element Vendetta
Form subdivision Drama.
9 (RLIN) 5752381
655 #7 - INDEX TERM--GENRE/FORM
Genre/form data or focus term Feature films.
Source of term lcgft
9 (RLIN) 6257789
655 #7 - INDEX TERM--GENRE/FORM
Genre/form data or focus term Action and adventure films.
Source of term lcgft
9 (RLIN) 6257790
655 #7 - INDEX TERM--GENRE/FORM
Genre/form data or focus term Thrillers (Motion pictures)
Source of term lcgft
9 (RLIN) 6257791
655 #7 - INDEX TERM--GENRE/FORM
Genre/form data or focus term Video recordings for the hearing impaired.
Source of term lcgft
9 (RLIN) 6257792
700 1# - ADDED ENTRY--PERSONAL NAME
Personal name Johnson, Mark Steven,
Dates associated with a name 1966-
9 (RLIN) 59200
700 1# - ADDED ENTRY--PERSONAL NAME
Personal name Breuls, Paul.
9 (RLIN) 6229502
700 1# - ADDED ENTRY--PERSONAL NAME
Personal name Cathell, Ed,
Titles and other words associated with a name III.
9 (RLIN) 6257793
700 1# - ADDED ENTRY--PERSONAL NAME
Personal name Daugherty, Evan,
Dates associated with a name 1982-
9 (RLIN) 6257794
700 1# - ADDED ENTRY--PERSONAL NAME
Personal name Travolta, John,
Dates associated with a name 1954-
9 (RLIN) 20699
700 1# - ADDED ENTRY--PERSONAL NAME
Personal name De Niro, Robert.
9 (RLIN) 24781
700 1# - ADDED ENTRY--PERSONAL NAME
Personal name Ventimiglia, Milo,
Dates associated with a name 1977-
9 (RLIN) 74141
700 1# - ADDED ENTRY--PERSONAL NAME
Personal name Olin, Elizabeth.
9 (RLIN) 6257795
710 2# - ADDED ENTRY--CORPORATE NAME
Corporate name or jurisdiction name as entry element Millennium Films.
9 (RLIN) 67490
710 2# - ADDED ENTRY--CORPORATE NAME
Corporate name or jurisdiction name as entry element Corsan Productions.
9 (RLIN) 6229504
710 2# - ADDED ENTRY--CORPORATE NAME
Corporate name or jurisdiction name as entry element Nu Image (Firm)
9 (RLIN) 58817
710 2# - ADDED ENTRY--CORPORATE NAME
Corporate name or jurisdiction name as entry element Millennium Entertainment, LLC.
9 (RLIN) 5896335
938 ## -
-- Brodart
-- BROD
-- 104783419
942 ## - ADDED ENTRY ELEMENTS (KOHA)
Koha item type DVD
994 ## -
-- C0
-- UINTA
998 ## - LOCAL CONTROL INFORMATION (RLIN)
-- a174884
Holdings
Withdrawn status Lost status Source of classification or shelving scheme Damaged status Not for loan Collection code Home library Current library Shelving location Date acquired Source of acquisition Cost, normal purchase price Total Checkouts Total Renewals Full call number Barcode Checked out Date last seen Date checked out Cost, replacement price Price effective from Koha item type
    Dewey Decimal Classification     Movies Wasatch County Library Wasatch County Library Audio Visual Area 08/26/2013 Amazon 15.95 66 8 DVD Kil 34301001896523 03/25/2026 03/05/2026 03/05/2026 15.95 03/20/2020 DVD
This project was made possible through a grant from the Institute of Museum and Library Service administered by the Utah State Library Division.

Wasatch County Library

  • 465 East 1200 South, Heber City, Utah 84032
  • Phone 435-654-1511 | Fax 435-654-6456

Hours

  • Monday - Friday 9:30 AM - 8:00 PM
  • Saturday 9:30 AM - 1:30 PM
  • Closed Sundays and Holidays